00463nam a2200193 a 4500001001300000003000900013005001700022008004100039020000900080082001300089100002500102245001800127260002300145300000900168500003500177505000900212650002300221700002500244nice12345678IN_TiNIC20260116015252.0050524s1985 dela grp 000 0 urd  ac4000a297bJAF aJafery, Rayees Ahmed aDeen-O-Duniya aDelhibTajcoc1985 a550p aincludes index and biblioraphy2 a550p aIslam-Meccan Trade1 aJafery, Rayees Ahmed